Joueurs de l'Olympique de Marseille - Mort subite - Statistiques

Statistiques générales
  • Ce quiz a été pris 633 fois
  • Le résultat moyen est 15 sur 20
Answers on the Grid
Answers color-coded by a green-red scale on the quiz's grid according to % correct below.
Álvaro González
Bouna Sarr
Idrissa Gueye
Wissam Ben Yedder
William Saliba
Bafétimbi Gomis
Yoann Gourcuff
Nabil Fekir
Chancel Mbemba
Duje Ćaleta-Car
Jonathan Clauss
Jordan Ayew
Moussa Dembélé
Morgan Sanson
André Ayew
Darío Benedetto
César Azpilicueta
Radamel Falcao
Cédric Bakambu
Arkadiusz Milik
Seko Fofana
Frank Anguissa
Teji Savanier
Azzedine Ounahi
Riyad Mahrez
Brice Samba
Patrice Evra
Nuno Tavares
Pape Gueye
Carlos Tévez
 
Statistiques - réponses
Réponse % Correct
Bouna Sarr
95%
Álvaro González
79%
William Saliba
78%
Chancel Mbemba
77%
Jonathan Clauss
77%
Arkadiusz Milik
74%
Azzedine Ounahi
74%
Bafétimbi Gomis
74%
Duje Ćaleta-Car
74%
Patrice Evra
74%
Jordan Ayew
73%
Morgan Sanson
73%
Nuno Tavares
73%
Darío Benedetto
72%
Pape Gueye
72%
André Ayew
71%
César Azpilicueta
68%
Cédric Bakambu
67%
Frank Anguissa
66%
Brice Samba
60%
Aucun quiz correspondant
Distribution des résultats
% des personnes avec chaque résultat
Percentile par nombre de réponses
Votre historique - résultats
Vous n’avez pas pris ce quiz